000 00790nas a2200265 i 4500
001 2360
003 ES-MaACL
005 20250721062544.0
007 t|
008 950801d19121936sp w| | 1 ||pa d
022 _a2171-7494
080 _a33
245 0 0 _aVida económica.
260 _aMadrid :
_b[Vida Económica],
_c1912-1936.
300 _av ;
_c21 cm.
310 _aDecenal
321 _aSemanal,
_b1912-1919
362 0 _aAño 1, n. 1 (19 dic. 1912)-año 25, n. 952 (30 jun. 1936)
530 _aDisponible en formato digital.
650 1 7 _aEconomía
_2embne
_912006
852 _aES-MaACL
_jHem-150
856 _uhttp://hemerotecadigital.bne.es/issn/2171-7494
_zHemeroteca Digital
866 0 _o1916-28(1929)1930-32(1933f.n.852)1934-35(1936)
999 _c2360
_d2360